Logo BPK

Biblioteka

Politechniki Koszalińskiej

Terminologia gospodarki magazynowej. (Rekord nr 16711)

Szczegóły MARC
000 -ETYKIETA REKORDU
podpole kontrolne o stałej długości 00369nam a2200121 i 4500
001 - NUMER KONTROLNY REKORDU
pole kontrolne bg
040 ## - ŹRÓDŁO KATALOGOWANIA
Instytucja, która utworzyła rekord BPK
041 ## - KOD JĘZYKA
Kod języka tekstu pol
008 - POLE O STAŁEJ DŁUGOŚCI - DANE KONTROLNE
podpole kontrolne o stałej długości s pl f |000 0 pol
245 #0 - TYTUŁ/ODPOWIEDZIALNOŚĆ
Tytuł Terminologia gospodarki magazynowej.
Oznaczenie części/sekcji dzieła Cz. 1-3,
Tytuł części/sekcji dzieła Urządzenia do składowania. Pomocnicze urządzenia magazynowe. Fizyczna postać zapasów.
260 ## - STREFA ADRESU WYDAWNICZEGO
Miejsce wydania Poznań,
Data publikacji, dystrybucji/powstania dokumentu 1974.
856 ## - LOKALIZACJA I DOSTĘP DO ELEKTRONICZNYCH DOKUMENTÓW ZDALNYCH
Link (URL) http://koha.tu.koszalin.pl/cgi-bin/koha/opac-detail.pl?biblionumber=16711
Tekst linku Katalog online BPK
942 ## - DODATKOWE ELEMENTY (KOHA)
Typ dokumentu Książka
Egzemplarze
Wycofany Status egzemplarza Uszkodzony Dostępność Lokalizacja stała Lokalizacja bieżąca Miejsce przechowywania Sygnatura Kod kreskowy Ostatnio wypożyczono Typ dokumentu
      Dostępny Biblioteka Politechniki Koszalińskiej Biblioteka Politechniki Koszalińskiej Wypożyczalnia BG 20587 01692600 04.12.2018 Książka
© 2023 Biblioteka Politechniki Koszalińskiej :: KOHA